| 000 | 00810nab a2200241 u 4500 | ||
|---|---|---|---|
| 001 | 10360 | ||
| 003 | HDC | ||
| 007 | cr bn ---aaaaa | ||
| 008 | 210104c mydr|noo 0 a may d | ||
| 040 | _aHDC | ||
| 100 |
_aAscutia, Romelda _eauthor _910600 |
||
| 245 | 0 |
_aMalaysia's GDP per capita improved in 2013 / _cby Romelda Ascutia |
|
| 260 |
_a[No place] : _bPort Calls, _c2013 |
||
| 336 |
_atext _2rdacontent |
||
| 337 |
_acomputer _2rdamedia |
||
| 338 |
_aonline resource _2rdacarrier |
||
| 650 |
_aCountry issues _910508 |
||
| 650 |
_aGross domestic product _910601 |
||
| 856 | _zRequest full-text at [email protected] | ||
| 942 | _2lcc | ||
| 942 | _cNEWS | ||
| 942 | _kNWSO 000475 | ||
| 999 |
_c7683 _d7683 |
||